{"text_format":"3","workbook":"xlsx","n_sheets":1,"sheets":["Sheet1"],"not_rendered":{"defined_names":1},"read":"whole","date_system":"1900"}

{"sheet":"Sheet1","index":0,"n_rows":19,"n_cols":7,"rows_kept":19,"merged":[[0,1,0,2],[1,1,1,2],[2,0,5,0],[2,1,2,2],[3,1,3,2],[4,1,4,2],[5,1,5,2],[6,0,9,0],[6,1,6,2],[7,1,7,2],[8,1,8,2],[9,1,9,2],[10,0,11,0],[10,1,10,2],[11,1,11,2],[12,1,12,2],[13,1,13,2],[14,1,14,2],[15,1,15,2],[16,1,16,2],[17,1,17,2],[18,0,18,6]]}
["序号","名称及规格型号",null,"单位","数量","单价","合计（元）"]
["（一）","CT机房≧4.0mmpb"]
[1,"铅防护电动推拉大门 1.8m*2.3m",null,"㎡",4.14,2650,{"$f":"E3*F3","v":10971}]
[null,"不锈钢门套及铅板包边防护",null,"套",1,1200,{"$f":"E4*F4","v":1200}]
[null,"电机（含防夹）",null,"套",1,6000,6000]
[null,"天轨地轨",null,"套",2,600,1200]
[2,"铅防护手动推拉小门1.6m*2.26m",null,"㎡",3.6,2650,9540]
[null,"不锈钢门套及铅板包边防护",null,"套",1,1200,1200]
[null,"电磁门吸",null,"套",1,800,800]
[null,"天轨地轨",null,"套",2,600,1200]
[3,"铅玻璃1200mm*800mm",null,"块",1,10500,10500]
[null,"窗套装饰及铅防护包边",null,"套",1,1000,1000]
[4,"门灯联动、警示牌、告知牌、三角牌、受检者与陪检者防护服。",null,"项",1,3000,3000]
[5,"CT机房施工",null,"项",1,11800,11800]
[6,"CT预控评",null,"项",1,17000,17000]
[7,"uCT510设备移机费用（由县医院运至施工现场，包含设备拆机、打包、装卸搬运、物流运输、安装、调试完成等一切工序及费用）",null,"项",1,33000,33000]
[8,"税金",null,"元",{"$f":"SUM(G3:G16)","v":108411},{"v":0.09,"d":"9%"},9757]
[null,"合计",null,"元",null,null,{"$f":"SUM(G3:G17)","v":118168}]
["人民币大写：壹拾壹万捌仟壹佰陆拾捌元整"]